000 00851cam a22002413a 4500
001 7441
003 PGUSA
005 20140828083144.0
008 050201s2005||||xxu|||||s|||||000 | eng d
040 _aPGUSA
_beng
042 _adc
050 4 _aPS
100 1 _aBurroughs, John,
_d1837-1921
245 1 4 _aThe Writings of John Burroughs — Volume 05 :
_bPepacton
_h[electronic resource] /
_cJohn Burroughs
260 _bProject Gutenberg,
_c2005
505 0 _aPepacton: a summer voyage -- Springs -- An idyl of the honey-bee -- Nature and the poets -- Notes by the way -- Footpaths -- A bunch of herbs -- Winter pictures.
506 _aPublic domain in the USA.
516 _aElectronic text
653 _aNatural history -- Outdoor books
830 0 _aProject Gutenberg
_v7441
856 4 0 _uhttp://www.gutenberg.org/ebooks/7441
942 _cEB
999 _c236761
_d236761